|
|
|
|
| LEADER |
00000nam0a2200000 4500 |
| 001 |
24503 |
| 005 |
20231030200234.0 |
| 010 |
|
|
|a 5878170213
|
| 010 |
|
|
|a 5-7014-0225-8
|
| 035 |
|
|
|a (RuTPU)RU\TPU\book\24732
|
| 035 |
|
|
|a BOOK00000040
|
| 090 |
|
|
|a 24503
|
| 100 |
|
|
|a 20011209d2000 m y0rusy50 ca
|
| 101 |
0 |
|
|a rus
|
| 102 |
|
|
|a RU
|
| 105 |
|
|
|a y z 000zy
|
| 200 |
1 |
|
|a Рэкет в России
|f С. Д. Белоцерковский
|
| 210 |
|
|
|a Москва
|c Криминологическая ассоциация
|a Новосибирск
|c Изд-во НГАЭиУ
|d 2000
|
| 215 |
|
|
|a 120 с.
|
| 610 |
1 |
|
|a право
|
| 610 |
1 |
|
|a уголовное право
|
| 610 |
1 |
|
|a криминология
|
| 610 |
1 |
|
|a экономические преступления
|
| 610 |
1 |
|
|a рэкет
|
| 686 |
|
|
|a Х628.111.6
|v LBC/SL-A
|2 rubbk
|
| 700 |
|
1 |
|a Белоцерковский
|b С. Д.
|g Сергей Дмитриевич
|
| 801 |
|
0 |
|a RU
|b 63413507
|c 20011209
|g PSBO
|
| 801 |
|
2 |
|a RU
|b 63413507
|c 20081211
|g PSBO
|
| 942 |
|
|
|c BK
|